|
|
|
|
| LEADER |
00000nam a22000007a 4500 |
| 008 |
190201b1999 cr a|||| |||| 00| 0 spa d |
| 999 |
|
|
|c 3615
|d 3615
|
| 090 |
|
|
|a Tesis # 12
|
| 100 |
1 |
|
|9 195
|a Quesada Sancho, Rolando
|
| 245 |
1 |
0 |
|a Como pensamos desde este lado del río : cultura académica y toma de decisiones /
|c Rolando Quesada Sancho
|
| 260 |
|
|
|a Costa Rica :
|b R. Quesada S.,
|c 1989
|
| 300 |
|
|
|a 182 hojas;
|b ilustraciones
|
| 502 |
|
|
|a Tesis (Master en ciencias sociales con mención en educación, cohorte políticas educativas e investigación para la toma de decisiones)--Facultad Latinoamericana de Ciencias Sociales, Universidad de Costa Rica, 1999
|
| 610 |
|
0 |
|9 714
|a UNIVERSIDAD DE COSTA RICA
|
| 650 |
1 |
4 |
|9 447
|a TOMA DE DECISIONES
|
| 650 |
1 |
4 |
|9 451
|a POLÍTICA EDUCATIVA
|
| 942 |
|
|
|i 001452
|h Tesis # 12
|2 z
|c 02
|